[Event "Caracas Hybrid Rapid op"]
[Site "Caracas"]
[Date "2022.09.17"]
[Round "6"]
[White "Clemow Brito, Andres Eduardo"]
[Black "Hernandez Mora, Ulises Jose"]
[Result "0-1"]
[WhiteElo "1063"]
[BlackElo "1654"]
[PlyCount "38"]
[EventDate "2022.09.17"]
[EventType "swiss"]
[EventRounds "11"]
[EventCountry "VEN"]
[SourceTitle "EXT 2023"]
[Source "ChessBase"]
[SourceDate "2022.10.05"]
[SourceVersion "1"]
[SourceVersionDate "2022.10.05"]
[SourceQuality "1"]

1. e4 c6 2. Nf3 d5 3. Bd3 Bg4 4. exd5 cxd5 5. Bb5+ Nc6 6. h3 Bh5 7. 0-0 e6 8. a3 a6 9. Bd3 Bc5 10. Nc3 Nf6 11. b4 Bb6 12. Bb2 0-0 13. g4 Bg6 14. Bxg6 fxg6 15. Re1 Qd6 16. Qe2 Qg3+ 17. Kh1 Qxh3+ 18. Nh2 Nd4 19. Qd1 Bc7 0-1

[Event "Caracas Hybrid Rapid op"]
[Site "Caracas"]
[Date "2022.09.17"]
[Round "4"]
[White "Hernandez Mora, Ulises Jose"]
[Black "Castaneda Quiames, Fabian Alejandro"]
[Result "0-1"]
[WhiteElo "1654"]
[BlackElo "1200"]
[PlyCount "30"]
[EventDate "2022.09.17"]
[EventType "swiss"]
[EventRounds "11"]
[EventCountry "VEN"]
[SourceTitle "EXT 2023"]
[Source "ChessBase"]
[SourceDate "2022.10.05"]
[SourceVersion "1"]
[SourceVersionDate "2022.10.05"]
[SourceQuality "1"]

1. d4 Nf6 2. c4 g6 3. Nc3 d5 4. cxd5 Nxd5 5. e4 Nxc3 6. bxc3 Bg7 7. Bd3 c5 8. Ne2 cxd4 9. cxd4 0-0 10. Be3 Nc6 11. e5 Be6 12. 0-0 Bd5 13. Nf4 e6 14. Be2 Rc8 15. a3 Ne7 0-1

[Event "Híbrido del Sur U2200 op 3rd"]
[Site "Tornelo INT"]
[Date "2021.11.26"]
[Round "1"]
[White "Hernandez Mora, Ulises Jose"]
[Black "Amezcua Luria, Jesus"]
[Result "0-1"]
[WhiteElo "1732"]
[BlackElo "2043"]
[PlyCount "82"]
[EventDate "2021.11.26"]
[EventType "swiss"]
[EventRounds "6"]
[EventCountry "VEN"]
[SourceTitle "EXT 2023"]
[Source "ChessBase"]
[SourceDate "2022.10.05"]
[SourceVersion "1"]
[SourceVersionDate "2022.10.05"]
[SourceQuality "1"]

1. d4 Nf6 2. Bg5 Ne4 3. Bf4 d5 4. e3 e6 5. f3 Nf6 6. Bg3 b6 7. Bd3 Bb7 8. Ne2 Be7 9. 0-0 0-0 10. Nd2 c5 11. c3 Nc6 12. Bf2 Rc8 13. f4 a6 14. Ng3 b5 15. Qe2 Re8 16. Nf3 Bf8 17. Ng5 g6 18. h4 h6 19. Nh3 h5 20. Ng5 Qc7 21. Nxe6 Rxe6 22. f5 Re4 23. fxg6 fxg6 24. Qf3 Bg7 25. Nxe4 dxe4 26. Bxe4 Nxd4 27. exd4 Nxe4 28. Qh3 Nxf2 29. Rxf2 Re8 30. Raf1 Bd5 31. Qd3 Be4 32. Qd2 cxd4 33. cxd4 Qd6 34. Rf7 Qxd4+ 35. Qxd4 Bxd4+ 36. Kh1 Bxb2 37. Ra7 Bf5 38. Rxa6 b4 39. Rb6 Re4 40. Rd1 Rxh4+ 41. Kg1 Bd4+ 0-1

[Event "Híbrido del Sur U2200 op 3rd"]
[Site "Tornelo INT"]
[Date "2021.11.26"]
[Round "3"]
[White "Hernandez Mora, Ulises Jose"]
[Black "Reyes Maldonado, Cesar Jesus"]
[Result "1/2-1/2"]
[WhiteElo "1732"]
[BlackElo "1800"]
[PlyCount "126"]
[EventDate "2021.11.26"]
[EventType "swiss"]
[EventRounds "6"]
[EventCountry "VEN"]
[SourceTitle "EXT 2023"]
[Source "ChessBase"]
[SourceDate "2022.10.05"]
[SourceVersion "1"]
[SourceVersionDate "2022.10.05"]
[SourceQuality "1"]

1. d4 Nf6 2. Bg5 d5 3. Nf3 c5 4. e3 Nc6 5. c3 Qb6 6. Qb3 Be6 7. Nbd2 c4 8. Qc2 g6 9. Bxf6 exf6 10. e4 dxe4 11. Qxe4 0-0-0 12. Bxc4 Re8 13. 0-0 Bh6 14. d5 Bf5 15. Qh4 Bxd2 16. dxc6 Bg5 17. cxb7+ Qxb7 18. Nxg5 fxg5 19. Qxg5 Re4 20. Bd3 Rg4 21. Bxf5+ gxf5 22. Qxf5+ Qd7 23. Qxd7+ Kxd7 24. Rad1+ Kc6 25. b3 h5 26. Rfe1 Rhg8 27. g3 h4 28. h3 R4g7 29. g4 f5 30. Re6+ Kc7 31. f3 Rf8 32. Kg2 fxg4 33. fxg4 Rgf7 34. Rd2 Rf3 35. c4 Rg3+ 36. Kh2 Rff3 37. Re7+ Kb6 38. Rg2 Rxh3+ 39. Kg1 Rc3 40. Ree2 Rhf3 41. g5 h3 42. Rg4 Rg3+ 43. Rxg3 Rxg3+ 44. Kh2 Rxg5 45. Kxh3 a5 46. Rg2 Re5 47. Kg3 Kc5 48. Kf3 Kb4 49. Re2 Rh5 50. Ke4 a4 51. Re3 axb3 52. axb3 Rg5 53. Kd4 Rh5 54. Re5 Rh4+ 55. Kd5 Kxb3 56. c5 Kb4 57. c6 Kb5 58. c7 Rc4 59. Re7 Rc1 60. Kd6 Kb6 61. Rd7 Rc6+ 62. Kd5 Rxc7 63. Rxc7 Kxc7 1/2-1/2

[Event "Porlamar Cup La Nueva Conferry 1st"]
[Site "Porlamar"]
[Date "2016.08.27"]
[Round "5.4"]
[White "Lunar Martinez, Wilfredo Jose"]
[Black "Hernandez Mora, Ulises Jose"]
[Result "0-1"]
[WhiteElo "1754"]
[BlackElo "1617"]
[PlyCount "80"]
[EventDate "2016.08.25"]
[EventType "swiss"]
[EventRounds "7"]
[EventCountry "VEN"]
[SourceTitle "EXT 2022"]
[Source "ChessBase"]
[SourceDate "2021.10.06"]
[SourceVersion "1"]
[SourceVersionDate "2021.10.06"]
[SourceQuality "1"]

1. e4 c6 2. Nf3 d5 3. e5 Bf5 4. Nh4 Bd7 5. Nf3 Bf5 6. Nh4 Bd7 7. Nf3 e6 8. d4 c5 9. c3 Nc6 10. Bb5 cxd4 11. Bxc6 bxc6 12. cxd4 Qb6 13. 0-0 Ne7 14. b3 Rc8 15. Ba3 Ng6 16. Bb2 c5 17. Nc3 cxd4 18. Na4 Bxa4 19. Bxd4 Bc5 20. bxa4 Bxd4 21. Rb1 Qc5 22. Nxd4 Nxe5 23. Rb5 Qc7 24. f4 Nc4 25. Qe2 0-0 26. Kh1 Rb8 27. f5 e5 28. Nf3 Rxb5 29. axb5 e4 30. Ng5 h6 31. Nh3 Qe5 32. f6 g6 33. Qf2 d4 34. Qh4 Kh7 35. Rf4 Re8 36. Qg4 e3 37. Rf5 Qxf5 38. Qxd4 e2 39. Qxc4 e1Q+ 40. Ng1 Qxf6 0-1

[Event "Porlamar Cup La Nueva Conferry 1st"]
[Site "Porlamar"]
[Date "2016.08.27"]
[Round "4.4"]
[White "Sanchez Alvarez, Kelvin Antonio"]
[Black "Hernandez Mora, Ulises Jose"]
[Result "1-0"]
[WhiteElo "2189"]
[BlackElo "1617"]
[PlyCount "55"]
[EventDate "2016.08.25"]
[EventType "swiss"]
[EventRounds "7"]
[EventCountry "VEN"]
[SourceTitle "EXT 2022"]
[Source "ChessBase"]
[SourceDate "2021.10.06"]
[SourceVersion "1"]
[SourceVersionDate "2021.10.06"]
[SourceQuality "1"]

1. e4 c6 2. d4 d5 3. e5 Bf5 4. Nc3 e6 5. g4 Bg6 6. Nge2 Nd7 7. h4 h6 8. f4 Bb4 9. Be3 Ne7 10. Qd2 Nb6 11. Ng3 Rc8 12. a3 Bxc3 13. Qxc3 Na4 14. Qb3 Nb6 15. a4 Nd7 16. Bd3 b6 17. f5 Bh7 18. Nh5 0-0 19. Nxg7 Kxg7 20. f6+ Kg8 21. Bxh7+ Kxh7 22. Qd3+ Ng6 23. h5 Rg8 24. hxg6+ Rxg6 25. Rxh6+ Kg8 26. Rxg6+ fxg6 27. Qxg6+ Kf8 28. Bh6# 1-0

[Event "Central America Carribean-ch U20"]
[Site "Porlamar"]
[Date "2015.08.28"]
[Round "9"]
[White "Gonzalez Farfan, Jose Julian"]
[Black "Hernandez Mora, Ulises Jose"]
[Result "0-1"]
[WhiteElo "1516"]
[BlackElo "1674"]
[PlyCount "40"]
[EventDate "2015.08.22"]
[EventType "swiss"]
[EventRounds "9"]
[EventCountry "VEN"]
[SourceTitle "EXT 2018"]
[Source "ChessBase"]
[SourceDate "2017.10.13"]
[SourceVersion "1"]
[SourceVersionDate "2017.10.13"]
[SourceQuality "1"]

1. e4 c6 2. d4 d5 3. exd5 cxd5 4. Qf3 Nf6 5. h3 Qb6 6. c3 g6 7. Bd3 Bg7 8. Ne2 0-0 9. b3 Nc6 10. Be3 Re8 11. g4 e5 12. g5 e4 13. Qg2 Nh5 14. Bc2 Be6 15. Ng3 Nxg3 16. fxg3 Nb4 17. cxb4 Bxd4 18. Bxd4 Qxd4 19. Nd2 Qxa1+ 20. Ke2 Qxa2 0-1

[Event "Central America Carribean-ch U20"]
[Site "Porlamar"]
[Date "2015.08.27"]
[Round "8"]
[White "Hernandez Mora, Ulises Jose"]
[Black "Rojas Fuenmayor, Cesar Emilio"]
[Result "1-0"]
[WhiteElo "1674"]
[BlackElo "1439"]
[PlyCount "57"]
[EventDate "2015.08.22"]
[EventType "swiss"]
[EventRounds "9"]
[EventCountry "VEN"]
[SourceTitle "EXT 2018"]
[Source "ChessBase"]
[SourceDate "2017.10.13"]
[SourceVersion "1"]
[SourceVersionDate "2017.10.13"]
[SourceQuality "1"]

1. d4 d5 2. c4 c6 3. Nc3 Nf6 4. cxd5 cxd5 5. Bg5 e6 6. e3 Be7 7. Bd3 Nc6 8. Nge2 h6 9. Bh4 0-0 10. 0-0 Qb6 11. Rb1 Nb4 12. Bb5 a6 13. Ba4 Qd6 14. a3 Nc6 15. Bc2 e5 16. dxe5 Nxe5 17. Bxf6 Qxf6 18. Nxd5 Qd6 19. Nxe7+ Qxe7 20. Nd4 Rd8 21. Qe2 Ng4 22. Rfd1 Qe5 23. Nf3 Qc7 24. Rxd8+ Qxd8 25. Rd1 Qc7 26. Qd3 Nf6 27. Qd8+ Qxd8 28. Rxd8+ Ne8 29. Rxe8# 1-0

[Event "Central America Carribean-ch U20"]
[Site "Porlamar"]
[Date "2015.08.22"]
[Round "2"]
[White "Hernandez Mora, Ulises Jose"]
[Black "Mata Alfaro, Yeshua David"]
[Result "1/2-1/2"]
[WhiteElo "1674"]
[BlackElo "1484"]
[PlyCount "63"]
[EventDate "2015.08.22"]
[EventType "swiss"]
[EventRounds "9"]
[EventCountry "VEN"]
[SourceTitle "EXT 2018"]
[Source "ChessBase"]
[SourceDate "2017.10.13"]
[SourceVersion "1"]
[SourceVersionDate "2017.10.13"]
[SourceQuality "1"]

1. d4 d5 2. c4 e6 3. Nc3 Nf6 4. cxd5 exd5 5. Bg5 Be7 6. Qc2 0-0 7. e3 c6 8. a3 a6 9. Bd3 g6 10. Nge2 Re8 11. Nf4 Kg7 12. 0-0 Ng4 13. Bxe7 Qxe7 14. Rac1 Nd7 15. Rfe1 Ndf6 16. b4 Ne4 17. Bxe4 dxe4 18. d5 Bd7 19. dxc6 Bxc6 20. Red1 Rad8 21. Rxd8 Rxd8 22. Rd1 Rxd1+ 23. Qxd1 Nf6 24. h3 Qd7 25. Qxd7 Bxd7 26. Nfe2 Kf8 27. Nd4 Ke7 28. Nb3 h6 29. Nc5 Bc6 30. g4 g5 31. Kg2 Kd6 32. Kg3 1/2-1/2

[Event "Sala de Conferencias IPASM op 1er"]
[Site "Venezuela"]
[Date "2015.05.15"]
[Round "3.3"]
[White "Hernandez Mora, Ulises Jose"]
[Black "Yera Tamayo, Norlys Ramon"]
[Result "0-1"]
[WhiteElo "1666"]
[BlackElo "2139"]
[PlyCount "74"]
[EventDate "2015.05.14"]
[EventType "swiss"]
[EventRounds "7"]
[EventCountry "VEN"]
[SourceTitle "EXT 2022"]
[Source "ChessBase"]
[SourceDate "2021.10.06"]
[SourceVersion "1"]
[SourceVersionDate "2021.10.06"]
[SourceQuality "1"]

1. d4 Nf6 2. c4 e5 3. d5 Bc5 4. Nc3 d6 5. Bg5 Bxf2+ 6. Kxf2 Ng4+ 7. Ke1 Qxg5 8. Nf3 Qe3 9. Qd3 Qf2+ 10. Kd2 Qb6 11. Qc2 0-0 12. h3 Nf2 13. Ng5 g6 14. Rh2 h6 15. Ne6 e4 16. c5 dxc5 17. Nxf8 e3+ 18. Kc1 Kxf8 19. Ne4 Nxe4 20. Qxe4 c4 21. Qxc4 Qd6 22. Rh1 c6 23. Qd4 Na6 24. Qxe3 cxd5 25. Qa3 Qxa3 26. bxa3 Bf5 27. Kd2 Ke7 28. e3 Nc5 29. Be2 Rd8 30. Rac1 b6 31. Bf3 d4 32. g4 Be6 33. Rhe1 d3 34. Rc3 Bxa2 35. Rec1 Nb3+ 36. Rxb3 Bxb3 37. Rc3 Bc2 0-1

[Event "Porlamar Chavez Memorial"]
[Site "Porlamar"]
[Date "2015.01.10"]
[Round "3"]
[White "Hernandez Mora, Ulises Jose"]
[Black "Guaimare Rodriguez, Carlos Luis"]
[Result "0-1"]
[WhiteElo "1624"]
[BlackElo "1876"]
[PlyCount "42"]
[EventDate "2015.01.08"]
[EventType "swiss"]
[EventRounds "5"]
[EventCountry "VEN"]
[SourceTitle "CBM 164 Extra"]
[Source "ChessBase"]
[SourceDate "2015.03.02"]
[SourceVersion "1"]
[SourceVersionDate "2015.03.02"]
[SourceQuality "1"]

1. d4 d5 2. c4 c6 3. Nc3 Nf6 4. Bf4 dxc4 5. e4 b5 6. a4 b4 7. Na2 Nxe4 8. Bxc4 e6 9. Nf3 Be7 10. 0-0 0-0 11. Qe1 Nd6 12. Bd3 a5 13. b3 Nd7 14. Qe2 Nf6 15. Qc2 Bb7 16. Ng5 g6 17. h4 Nd5 18. Bd2 Nf5 19. g3 Nxd4 20. Qb2 Bf6 21. Qc1 Nxb3 0-1

[Event "Pampatar Malave Gamez Memorial"]
[Site "Pampatar"]
[Date "2014.10.26"]
[Round "5.9"]
[White "Hernandez Mora, Ulises Jose"]
[Black "Noriega Latorraca, Samuel Jose"]
[Result "1-0"]
[WhiteElo "1575"]
[BlackElo "1478"]
[PlyCount "47"]
[EventDate "2014.10.24"]
[EventType "swiss"]
[EventRounds "6"]
[EventCountry "VEN"]
[SourceTitle "EXT 2022"]
[Source "ChessBase"]
[SourceDate "2021.10.06"]
[SourceVersion "1"]
[SourceVersionDate "2021.10.06"]
[SourceQuality "1"]

1. d4 e6 2. c4 d5 3. Nc3 Nf6 4. Bg5 Bb4 5. Qb3 Nc6 6. e3 h6 7. Bxf6 Bxc3+ 8. bxc3 dxc4 9. Bxd8 cxb3 10. Bxc7 bxa2 11. Rxa2 Ke7 12. e4 Re8 13. Nf3 Bd7 14. Bd3 Rac8 15. Bg3 a6 16. 0-0 f6 17. Rb1 Nd8 18. c4 Kf7 19. h3 Kg8 20. Rab2 Bc6 21. d5 exd5 22. cxd5 Ba4 23. Rb6 Bc2 24. Rc1 1-0